Ganadores y Ganadoras de Máster Chef España - Estadísticas

Estadísticas generales
  • Esta prueba ha sido intentada 39 veces
  • La puntuación promedio es 14 de 35
Estadísticas de respuestas
Hint Respuesta % Correcto
Juanma
79%
2015 Carlos
66%
Maria
66%
Miki
62%
Lu
55%
Manuel
55%
Miguel Ángel
55%
Saúl
55%
Mario
52%
2020 Ana
48%
2017 Jorge
48%
Paula
48%
2014 Vicky
48%
Raquel
45%
Tamara
45%
2019 Aleix
41%
Aurora
38%
Ines
38%
Josetxo
38%
2013 Juan Manuel
38%
Ona
34%
2016 Virginia
34%
Guadalupe
31%
2022 María Lo
31%
2018 Marta
31%
Esther
28%
Guillem
28%
Lorena
28%
Loreto
28%
Valentina
28%
2021 Arnau
24%
2023 Eneko
24%
Laura
24%
Almudena
21%
2024 Angela
17%
No se encontraron pruebas coincidentes
Distribución de puntuación
Porcentaje de gente con cada puntuación
Porcentaje por número respondido
Historial de tus puntuaciones
No has intentado esta prueba.